[Event "GER-ch U16"]
[Site "Magdeburg"]
[Date "2014.06.09"]
[Round "3"]
[White "Mueller, Max1111"]
[Black "Tesch, Davy"]
[Result "1-0"]
[WhiteElo "1925"]
[BlackElo "1733"]
[PlyCount "67"]
[EventDate "2014.06.08"]
[EventType "swiss"]
[EventRounds "9"]
[EventCountry "GER"]
[SourceTitle "CBM 160 Extra"]
[Source "ChessBase"]
[SourceDate "2014.07.01"]
[SourceVersion "1"]
[SourceVersionDate "2014.07.01"]
[SourceQuality "1"]

1. e4 d5 2. exd5 Qxd5 3. Nc3 Qa5 4. d4 Nf6 5. Nf3 Bf5 6. Ne5 c6 7. g4 Bg6 8. h4 Nd5 9. Bd2 f6 10. Nxg6 hxg6 11. Bd3 Nxc3 12. Bxg6+ Kd7 13. Bxc3 Qd5 14. f3 Na6 15. Qe2 e6 16. Be4 Qd6 17. 0-0-0 Qc7 18. a3 Bd6 19. h5 Raf8 20. Bd3 Qb6 21. Bxa6 bxa6 22. Rhe1 Re8 23. Rd3 Re7 24. Bd2 Rb8 25. Rb3 Qxd4 26. Rxb8 Bxb8 27. Qxa6 Qb6 28. Qd3+ Kc8 29. Be3 Qb5 30. c4 Qb7 31. Rd1 Rd7 32. Qxd7+ Qxd7 33. Rxd7 Kxd7 34. Kc2 1-0

[Event "GER-ch U14"]
[Site "Oberhof"]
[Date "2012.05.29"]
[Round "4"]
[White "Niegsch, Nicolas"]
[Black "Tesch, Davy"]
[Result "1/2-1/2"]
[WhiteElo "1687"]
[BlackElo "1677"]
[PlyCount "55"]
[EventDate "2012.05.27"]
[EventType "swiss"]
[EventRounds "9"]
[EventCountry "GER"]
[SourceTitle "CBM 148 Extra"]
[Source "ChessBase"]
[SourceDate "2012.06.22"]
[SourceVersion "1"]
[SourceVersionDate "2012.06.22"]
[SourceQuality "1"]

1. e4 d5 2. exd5 Qxd5 3. Nc3 Qa5 4. d4 Nf6 5. Nf3 Bf5 6. Bc4 e6 7. Bd2 c6 8. Nd5 Qd8 9. Nxf6+ gxf6 10. Bb3 Bd6 11. Nh4 Bg6 12. Qf3 Nd7 13. Qh3 Rg8 14. Nxg6 hxg6 15. Qh7 Ke7 16. Bxe6 Kxe6 17. 0-0-0 Rh8 18. Rhe1+ Ne5 19. Qg7 Qc7 20. f4 Rag8 21. fxe5 fxe5 22. dxe5 Bxe5 23. Rxe5+ Qxe5 24. Qxe5+ Kxe5 25. Bc3+ Ke6 26. Re1+ Kd7 27. Bxh8 Rxh8 28. h3 1/2-1/2

[Event "GER-chT U12"]
[Site "Arendsee"]
[Date "2009.12.30"]
[Round "7.2"]
[White "Duchow, Julien"]
[Black "Tesch, Davy"]
[Result "1/2-1/2"]
[WhiteElo "1515"]
[BlackElo "1303"]
[PlyCount "112"]
[EventDate "2009.12.27"]
[EventType "team-swiss"]
[EventRounds "7"]
[EventCountry "GER"]
[SourceTitle "EXT 2022"]
[Source "ChessBase"]
[SourceDate "2021.10.06"]
[SourceVersion "1"]
[SourceVersionDate "2021.10.06"]
[SourceQuality "1"]
[WhiteTeam "Wildeshausen U12"]
[BlackTeam "Eberswalde U12"]
[WhiteTeamCountry "GER"]
[BlackTeamCountry "GER"]

1. e4 d5 2. exd5 Qxd5 3. Nc3 Qa5 4. d4 c6 5. Bc4 Nf6 6. Nf3 Bf5 7. Bd2 Qc7 8. Ne5 e6 9. g4 Be4 10. Nxe4 Nxe4 11. Rf1 Nd7 12. Nxd7 Qxd7 13. Bf4 Bd6 14. f3 Bxf4 15. fxe4 Bxh2 16. Qf3 Bc7 17. 0-0-0 Rf8 18. d5 cxd5 19. exd5 e5 20. Qe2 0-0-0 21. Rf2 Qd6 22. Rdf1 f6 23. Qe4 h6 24. Qg6 Qe7 25. Qe4 Bd6 26. Rf3 Kb8 27. Rb3 Ka8 28. Bb5 Qc7 29. Rff3 Qa5 30. Rfc3 Qxa2 31. Qa4 Qxa4 32. Bxa4 Rc8 33. Bd7 Rc7 34. Rxc7 Bxc7 35. Bf5 Kb8 36. Rc3 Rd8 37. Be4 Rd6 38. Ra3 Rb6 39. c3 Bd6 40. Ra4 Rb5 41. Kc2 Rc5 42. Kd2 a6 43. Kd3 Kc8 44. Rc4 Rxc4 45. Kxc4 Kc7 46. Kb3 Bc5 47. Kc4 Kd6 48. Kd3 Bf2 49. Ke2 Bc5 50. Kd3 b5 51. b4 Bf2 52. Ke2 Bh4 53. Kf1 Bg5 54. Ke2 Bc1 55. Kd3 Bf4 56. Ke2 Bg5 1/2-1/2

[Event "GER-chT U12"]
[Site "Arendsee"]
[Date "2009.12.28"]
[Round "4.2"]
[White "Tesch, Davy"]
[Black "Klesen, Jonas"]
[Result "1-0"]
[WhiteElo "1303"]
[BlackElo "995"]
[PlyCount "81"]
[EventDate "2009.12.27"]
[EventType "team-swiss"]
[EventRounds "7"]
[EventCountry "GER"]
[SourceTitle "EXT 2022"]
[Source "ChessBase"]
[SourceDate "2021.10.06"]
[SourceVersion "1"]
[SourceVersionDate "2021.10.06"]
[SourceQuality "1"]
[WhiteTeam "Eberswalde U12"]
[BlackTeam "Eppelborn U12"]
[WhiteTeamCountry "GER"]
[BlackTeamCountry "GER"]

1. d4 Nf6 2. Nf3 d5 3. e3 Nc6 4. b3 b6 5. Bb2 Bb7 6. Bd3 e6 7. 0-0 Bd6 8. Ne5 Bxe5 9. dxe5 Nd7 10. f4 0-0 11. Nd2 f5 12. Nf3 h6 13. Bb5 a6 14. Bxc6 Bxc6 15. Nd4 Qe8 16. Nxc6 Nc5 17. Nd4 Ne4 18. Nf3 Rd8 19. Nd2 Qc6 20. Nxe4 dxe4 21. Qe2 a5 22. Rfd1 Qc5 23. Rxd8 Rxd8 24. Kf2 Qb4 25. Rd1 Re8 26. g3 Kf7 27. Qd2 Qc5 28. c3 Qc6 29. Qd7+ Qxd7 30. Rxd7+ Re7 31. Rxe7+ Kxe7 32. Ke2 b5 33. Kd2 b4 34. cxb4 axb4 35. Bd4 Kd7 36. Bc5 Ke8 37. Bxb4 Kd7 38. Kc3 Kc8 39. Bf8 h5 40. Bxg7 Kd7 41. Kc4 1-0